| 000 | 00607nam a2200217Ia 4500 | ||
|---|---|---|---|
| 001 | 15145 | ||
| 003 | GE_BSU | ||
| 008 | 181216s||||||||xx |||||||||||||| ||und|| | ||
| 040 | _cGE_BSU | ||
| 080 | _a821.133.1-32 | ||
| 100 | _aლორთქიფანიძე,კონსტანტინე | ||
| 245 | _aგაზეთი. | ||
| 245 | _bმოთხრობები | ||
| 260 | _aთბილისი | ||
| 260 | _bსახელგამი | ||
| 260 | _c1933 | ||
| 300 | _a68გვ.17სმ. | ||
| 653 | _aგაზეთი. | ||
| 653 | _aმოთხრობები | ||
| 942 | _cBK | ||
| 999 |
_c48261 _d48261 |
||